Guía para la comercialización de productos maderables de empresas forestales comunitarias / (Record no. 217601)
[ view plain ]
| 000 -CABECERA | |
|---|---|
| campo de control de longitud fija | 00892nam a22002177a 4500 |
| 005 - FECHA Y HORA DE LA ÚLTIMA TRANSACCIÓN | |
| campo de control | 20220816141043.0 |
| 008 - DATOS DE LONGITUD FIJA--INFORMACIÓN GENERAL | |
| campo de control de longitud fija | 220816s2007 mx a|||f |||| 00| 0 spa d |
| 040 ## - FUENTE DE LA CATALOGACIÓN | |
| Centro/agencia transcriptor | CHAP |
| Normas de descripción | rda |
| 082 ## - NÚMERO DE LA CLASIFICACIÓN DECIMAL DEWEY | |
| Número de clasificación | 634.980685 |
| Número de documento/Ítem | G94 |
| Número de edición | 22 |
| 245 ## - MENCIÓN DE TÍTULO | |
| Título | Guía para la comercialización de productos maderables de empresas forestales comunitarias / |
| Mención de responsabilidad, etc. | dirección José Luis Mota Villanueva; investigación y compilación Jesús Zárate Mancha. |
| 300 ## - DESCRIPCIÓN FÍSICA | |
| Extensión | 101 páginas : |
| Otras características físicas | figuras, tablas. |
| 336 ## - TIPO DE CONTENIDO | |
| Término de tipo de contenido | texto |
| Código de tipo de contenido | txt |
| Fuente | rdacontenido |
| 337 ## - TIPO DE MEDIO | |
| Nombre/término del tipo de medio | sinmedio |
| Código del tipo de medio | n |
| Fuente | rdamedia |
| 338 ## - TIPO DE SOPORTE | |
| Nombre/término del tipo de soporte | volumen |
| Código del tipo de soporte | nc |
| Fuente | rdacarrier |
| 650 #0 - PUNTO DE ACCESO ADICIONAL DE MATERIA--TÉRMINO DE MATERIA | |
| 9 (RLIN) | 185416 |
| Término de materia o nombre geográfico como elemento de entrada | Aserraderos |
| Subdivisión general | Administración |
| Subdivisión de forma | Guías |
| 650 #7 - PUNTO DE ACCESO ADICIONAL DE MATERIA--TÉRMINO DE MATERIA | |
| 9 (RLIN) | 69639 |
| Término de materia o nombre geográfico como elemento de entrada | Madera aserrada |
| Subdivisión general | Mercadeo |
| 650 #7 - PUNTO DE ACCESO ADICIONAL DE MATERIA--TÉRMINO DE MATERIA | |
| 9 (RLIN) | 69627 |
| Término de materia o nombre geográfico como elemento de entrada | Madera |
| Subdivisión general | Subproductos |
| 700 1# - PUNTO DE ACCESO ADICIONAL--NOMBRE DE PERSONA | |
| 9 (RLIN) | 79075 |
| Nombre de persona | Mota Villanueva, José Luis |
| Término indicativo de función/relación | dirección. |
| 700 0# - PUNTO DE ACCESO ADICIONAL--NOMBRE DE PERSONA | |
| 9 (RLIN) | 124114 |
| Nombre de persona | Zárate Mancha, Jesús |
| Término indicativo de función/relación | investigador y compilador. |
| 942 ## - ELEMENTOS DE PUNTO DE ACCESO ADICIONAL (KOHA) | |
| Fuente del sistema de clasificación o colocación | Dewey Decimal Classification |
| Tipo de ítem Koha | Libro |
| Estado de retiro | Estado de pérdida | Fuente del sistema de clasificación o colocación | Estado dañado | Restricciones de uso | No para préstamo | Código de colección | Localización permanente | Ubicación/localización actual | Ubicación en estantería | Fecha de adquisición | Total de préstamos | Signatura topográfica completa | Código de barras | Fecha visto por última vez | Precio válido a partir de | Tipo de ítem Koha |
|---|---|---|---|---|---|---|---|---|---|---|---|---|---|---|---|---|
| Dewey Decimal Classification | Préstamo interno | Consulta | Biblioteca Central | Biblioteca Central | Planta alta - Coleción Consulta | 16/08/2022 | 634.980685 G94 | 33724002567355 | 16/08/2022 | 16/08/2022 | Libro |
